00818nam a2200217 a 4500001000900000005001700009008004100026020001500067040001300082050002500095100002900120245006700149260004400216300003200260610008000292651005900372651003900431942001100470999001300481952010600494BRCA_94920190320203223.0920918s1990 mx-a---###---#000-0#spa-# a9686561005 aDLCcDLC 4aHD1471.M4b.O78 19901 aOrtiz Macedo, Luis9156910aLa Hacienda de San Agustín de las CuevascLuis Ortiz Macedo. aMéxicobAfianzadora Insurgentesc1990 a125 p.bil. a colorc31 cm.24aHacienda de San Agustín de las CuevasxHistoriazTlalpan (México)93138 4aTlalpan (México)xEdificios, estructuras, etc.93139 4aTlalpan (México)xHistoria93140 2lcccB c838d838 00104070aBRCAbBRCAd2008-06-26l0oHD1471.M4 .O78 1990p01439r2019-03-22 00:00:00w2019-03-22yB